| 000 | 00496nam a2200205Ia 4500 | ||
|---|---|---|---|
| 003 | OSt | ||
| 005 | 20140507100244.0 | ||
| 008 | 140130s9999 xx 000 0 und d | ||
| 020 | _a0516235958 | ||
| 050 |
_aQA 40.5 _b.Am52 2002 |
||
| 100 | _aAmato, William | ||
| 245 |
_cWilliam Amato _aMath At The Store / |
||
| 260 |
_bScholastic, _c2002. _aNew York : |
||
| 300 |
_a24 p. : _bcol. ill. ; _c16 cm. |
||
| 440 | _v1 | ||
| 521 | _aG1 | ||
| 526 | _c150 | ||
| 942 |
_cBK _2lcc |
||
| 999 |
_c39881 _d39881 |
||